Statistiken für Spanien A-Z

Klicken Sie hier um das Quiz zu spielen!

Allgemein

  • Dieses Quiz wurde 155 mal gespielt
  • Das Durchschnittsergebnis liegt bei 11 aus 26

Antwortstatistiken

HinweisAntwort% Korrekt
BHauptstadt der Region KatalonienBarcelona
98%
IName der Halbinsel, auf der Spanien liegt{Iberische} Halbinsel
81%
NSpanien ist Mitglied dieses MilitärbündnissesNATO
80%
UMadrid hat die meisten _________-Stationen EuropasU-Bahn
74%
ANachname des spanischen Formel 1-FahrersAlonso
72%
OSpanien ist führender Produzent dieses ÖlsOlivenöl
71%
Y„und“ auf spanischy
65%
DNachname eines Malers und Bildhauers, Hauptvertreter des SurrealismusDalí
64%
EZweitgrößter Fluss SpaniensEbro
54%
FAktueller König{Felipe} VI
53%
RDemokratische Staatsform, die 1936 gegründet wurdeRepublik
48%
WTechnologie, mit welcher (2020) am zweitmeisten Strom erzeugt wurdeWindenergie
48%
SKirche, deren Bau 1882 begonnen hat und bis heute andauertSagrada Familia
44%
CNordöstlicher Streifen an der MittelmeerküsteCosta Brava
41%
GNachname des Architekten der "Modernisme" (katalanische Bewegung)Gaudí
37%
PHöchste spanische FußballigaPrimera División
37%
VRegion, in der die wohl größte Tomatenschlacht stattfindetValencia
32%
LInsel, auf der die schwerste Süßkartoffel der Welt geerntet wurdeLanzarote
29%
JSpanien hat die höchste _________ der EU.Jugendarbeitslosenquote
28%
HFest, an dem die Kinder in vielen Regionen statt an Heiligabend beschenkt werdenHeilige Drei Könige
24%
KSpanisch (als Sprache) wird auch so genanntKastilisch
4%
MName der NationalhymneMarcha Real
2%
TName der einzigen Wüste EuropasTabernas
2%
ZEinzige Stadt Spaniens mit Z, die über 50.000 Einwohner hat, Provinz ist gleichnamigZamora
2%
QSpanische Fußballegende, der 1981 entführt wurdeQuini
1%
Xgalicische Bezeichnung für die Regierung der Region GalicienXunta de Galicia
0%

Verteilung der Resultate

Perzentil nach korrekt beantworteten Fragen

Anzahl Personen mit jedem Resultat

Ihre Resultats-Entwicklung

Sie haben dieses Quiz noch nicht gespielt